2022 MLS Cup Playoffs - Statistics

General Stats
  • This quiz has been taken 164 times
  • The average score is 9 of 14
Answers on the Map
Answers color-coded by a green-red scale on the quiz's map according to % correct below.
 
Answer Stats
Team % Correct
Los Angeles FC
91%
New York Red Bulls
83%
LA Galaxy
77%
Orlando City SC
73%
Philadelphia Union
73%
Nashville SC
72%
New York City FC
72%
FC Dallas
71%
Austin FC
67%
Minnesota United FC
59%
Real Salt Lake
58%
FC Cincinnati
53%
CF Montréal
52%
Inter Miami CF
44%
No matching quizzes found
Score Distribution
Percent of People with Each Score
Percentile by Number Answered
Your Score History
You have not taken this quiz